000 01211nam a22003497a 4500
003 CHAP
005 20220329135347.0
008 971013s1983 r 00010 d
010 _a35041
011 _a36013
035 _a40132
040 _cCHAP
090 _aTesis
100 0 0 _aOnofre Gallegos, José Manuel Hugo.
_983322
245 _aPerspectivas de desarrollo del Distrito Agropecuario III Texcoco, Edo. de México
260 _aChapingo, Méx. :
_bEl autor,
_c1983
300 _a141 h.
_b; gráfs. ; mapas
502 _aTesis (Ing. Agr. Esp. en Irrigación) -- UACH. Departamento de Irrigación
590 _aALEPH
_b10
_c20130110
_lUCH01
_h1300
590 _aBATCH-UPD
_b10
_c20130109
_lUCH01
_h2326
590 _aBATCH-UPD
_b10
_c20130110
_lUCH01
_h2032
590 _aBATCH-UPD
_b10
_c20130410
_lUCH01
_h1348
590 _aBATCH-UPD
_b10
_c20130914
_lUCH01
_h1209
590 _aCONVERSION
_b10
_c20130109
_lUCH01
_h1320
650 1 4 _aAgricultura
_zMexico (Edo.).
_91934
650 1 4 _aDistrito de Temporal No. 3.
_932962
901 _aBK
942 _cFOLL
949 _bBC
_cTES
_d-91704
_eTS1
_i40132
_si
949 _bBC
_cTES
_d-91705
_eTS2
_fc.2
_i40132
_si
949 _bBC
_cTES
_d-91706
_eTS2
_fc.3
_i40132
_si
999 _c35041
_d35041